Η επίδραση του φύλλου στις στάσεις επιμορφωμένων εκπαιδευτικών Α' διπλωματική εργασία [μεταπτυχιακή]

Αποθηκεύτηκε σε:
Λεπτομέρειες βιβλιογραφικής εγγραφής
Κύριος συγγραφέας: Ζυμβρακάκης, Ιωάννης
Άλλοι συγγραφείς: Ρούσσος, Πέτρος Λ. (Εισηγητής διατριβής), Τσαούσης, Ιωάννης (Εισηγητής διατριβής), Ευθυμίου, Ηλίας Β. (Εισηγητής διατριβής)
Μορφή: Thesis Βιβλίο
Γλώσσα:Greek
Δημοσίευση: Ρόδος : Πανεπιστήμιο Αιγαίου, Τμήμα Επιστημών της Προσχολικής Αγωγής και του Εκπαιδευτικού Σχεδιασμού, 2007.
Θέματα:
Διαθέσιμο Online:http://hdl.handle.net/11610/13836
Ετικέτες: Προσθήκη ετικέτας
Δεν υπάρχουν, Καταχωρήστε ετικέτα πρώτοι!

MARC

LEADER 00000cam a2200000 i 4500
001 1/46871
008 070626s2007 gre d
035 |l 10088490 
040 |a GR-MY-UA  |b gre  |e aacr 
041 0 |a gre 
082 7 |a 344.078   |2 (22) 
100 1 |a Ζυμβρακάκης, Ιωάννης. 
245 1 2 |a Η επίδραση του φύλλου στις στάσεις επιμορφωμένων εκπαιδευτικών Α'/θμιας εκπαίδευσης απέναντι στις νέες τεχνολογίες και στις πεποιθήσεις τους για την αυτεπάρκειά του ως προς τη χρήση υπολογιστών :   |b διπλωματική εργασία [μεταπτυχιακή] /   |c του Ιωάννη Ζυμβρακάκη ; Ρούσσος Πέτρος (επιβλέπων) ; μέλη συμβουλευτικής επιτροπής: Τσαούσης Ιωάννης, Ευθυμίου Ηλίας.  
260 |a Ρόδος :   |b Πανεπιστήμιο Αιγαίου, Τμήμα Επιστημών της Προσχολικής Αγωγής και του Εκπαιδευτικού Σχεδιασμού,   |c 2007.  
300 |a 64 σ. ;   |c 30 εκ. 
502 |a Διατριβή (μεταπτυχιακή) – Πανεπιστήμιο Αιγαίου, Ρόδος, 2007. 
504 |a Βιβλιογραφία: σ. 50-58.  
610 2 0 |a University of the Aegean  |x Dissertations. 
650 0 0 |a Educators, Education of. 
650 0 0 |a Gender identity in education. 
650 0 0 |a Teachers  |x Training of. 
650 0 0 |a Dissertations, Academic  |z Greece. 
700 1 |a Ρούσσος, Πέτρος Λ.  |4 ths 
700 1 |a Τσαούσης, Ιωάννης.  |4 ths 
700 1 |a Ευθυμίου, Ηλίας Β.  |4 ths 
852 |a INST  |b RHODES  |c DIATR  |e 20070626  |h 344.078 ΖΥΜ  |p 005400026326  |q 005400026326  |t MTXE  |y 23 
852 |a INST  |b RHODES  |c DIATR  |e 20070702  |h 344.078 ΖΥΜ  |p 005400026327  |q 005400026327  |t MTXE  |y 23 
856 |u http://hdl.handle.net/11610/13836 
901 |a BIBL4-2007-2 
909 |a Ρ  |b 127980 
909 |a Ρ  |b 127981 
924 |a ΖΥΒΡΑΚΑΚΗΣ  |b ΙΩΑΝΝΗΣ  |y Ρόδος  |z 2006-11 
970 |a ΜΙΣΣΟΣ  |b ΣΤΑΥΡΟΣ  |z 2007/06/26